| 000 | 00690nam a2200241Ia 4500 | ||
|---|---|---|---|
| 003 | GCL | ||
| 008 | 140319s9999 xx 000 0 eng d | ||
| 020 | _a0500510326 | ||
| 040 |
_aGCL / _cGCL |
||
| 082 | 0 | 4 |
_a726.2 _bC Q |
| 100 | 1 | _aCLEVENAT, DOMINIQUE | |
| 245 | 1 | 0 |
_aORNAMENT AND DECORATION IN ISLAMIC ARCHITECTURE / _cCLEVENAT, DOMINIQUE |
| 260 |
_aانجلترا : _bTHAMES AND HUDSON ، _c1998 |
||
| 300 |
_a28 CM ؛ _c224 P |
||
| 650 | 0 | 4 | _aالنقوش الاسلامية |
| 650 | 0 | 4 | _aالزخارف |
| 650 | 0 | 4 | _aARTS |
| 650 | 0 | 4 | _aISLAM - ARCHETICTURE |
| 650 | 0 | 4 | _aART, ISLAMIC |
| 650 | 0 | 4 | _aORNAMENTS |
| 650 | 0 | 4 | _aالزخارف الاسلامية |
| 942 |
_2ddc _cBK |
||
| 999 |
_c1362 _d1362 |
||